Guess the Movie/TV Show - Pixelated Images #1 - Statistics

General Stats
  • This quiz has been taken 134 times
  • The average score is 9 of 15
Answer Stats
Picture Hint Answer % Correct
1993 Jurassic Park
98%
1977 Star Wars Series
92%
2003 Finding Nemo
83%
1954 Godzilla
81%
2009 The Princess and the Frog
75%
2014 John Wick
71%
1994 Pulp Fiction
70%
2014–2020 BoJack Horseman
67%
2005–present Doctor Who
66%
2000 Cast Away
61%
2010 Tooth Fairy
41%
1982 Poltergeist
37%
2015 The Hateful Eight
34%
2006 The Departed
28%
1995 Heat
17%
No matching quizzes found
Score Distribution
Percent of People with Each Score
Percentile by Number Answered
Your Score History
You have not taken this quiz